000 00521nam a2200181 i 4500
001 147656
003 ES-MaACL
005 20230906202208.0
007 t|
008 071004s1957 sp ||||1| spa d
080 _a616.61-007.42
100 1 _aUsandizaga, Manuel.
_9112292
245 1 3 _aEl riñón pelviano en la mujer /
_cpor Manuel Usandizaga.
260 _aBarcelona :
_bVergara,
_c[1957]
300 _aVIII, 142 p. :
_bil. ;
_c25 cm.
650 4 _aRiñones-
_xEnfermedades.
_916914
852 4 _aES-MaACL
_jC-12999
999 _c147656
_d147656